Capitales Españolas con más nieve al año - Estadísticas

Estadísticas generales
  • Esta prueba ha sido intentada 76 veces
  • La puntuación promedio es 14 de 19
Estadísticas de respuestas
Días de nevada al año Ciudad % Correcto
2,90 Madrid
98%
21,30 Burgos
88%
13 León
86%
10,50 Teruel
85%
20 Ávila
82%
5,70 Salamanca
80%
23,10 Soria
80%
2,80 Zamora
80%
7 Palencia
76%
8,30 Valladolid
76%
9,30 Cuenca
73%
2,30 Guadalajara
73%
16,50 Segovia
73%
6,70 Pamplona/Iruña
68%
4,70 Logroño
67%
11,20 Vitoria-Gasteiz
67%
4,20 Oviedo
65%
3,10 Albacete
62%
5,30 Lugo
59%
No se encontraron pruebas coincidentes
Distribución de puntuación
Porcentaje de gente con cada puntuación
Porcentaje por número respondido
Historial de tus puntuaciones
No has intentado esta prueba.